000 00809nam a2200265 i 4500
003 DO-SdBNP
005 20250114132319.0
007 ta
008 250114b2013 dr ||||| |||| 00| 0 spa d
020 _a9781304561145
040 _aDO-SdBNP
_bspa
_cBNPHU
_erda
082 4 _222
_axxxx
_bB333s
100 _aBatista, Elsa,
_eautor
_4aut.
_924388
245 1 0 _aSiempre odié los gatos /
_cElsa Batista
250 _aPrimera edición
264 4 _aPaís no identificado :
_bEditora MediaIsla,
_c2013.
300 _a83 páginas ;
_c23 cm.
336 _atexto
_btxt
_2rdacontent
337 _asin mediación
_bn
_2rdamedia
338 _avolumen
_bnc
_2rdacarrier
500 _aIncluye datos biográficos del autor en la contracubierta
590 _aInventariado, 2025/BT
910 _aBtavárez
942 _2ddc
_cLBS1
999 _c58052
_d58052